MARC details
| 000 -LEADER |
| campo de control de longitud fija |
02310cam a2200385Ia 4500 |
| 001 - NÚMERO DE CONTROL |
| campo de control |
97155 |
| 005 - FECHA Y HORA DE LA ÚLTIMA TRANSACCIÓN |
| campo de control |
20230410123416.0 |
| 008 - DATOS DE LONGITUD FIJA--INFORMACIÓN GENERAL |
| campo de control de longitud fija |
080415s2008 fr ob i000 0 eng d |
| 035 ## - NÚMERO DE CONTROL DEL SISTEMA |
| Número de control de sistema |
(OCoLC)ocn223733815 |
| 040 ## - FUENTE DE CATALOGACIÓN |
| Centro catalogador/agencia de origen |
HNK |
| Centro/agencia transcriptor |
HNK |
| Centro/agencia modificador |
MUQ |
| -- |
CUS |
| -- |
ZCU |
| -- |
E7B |
| -- |
IDEBK |
| 019 ## - |
| -- |
507257884 |
| -- |
646760332 |
| 020 ## - NÚMERO INTERNACIONAL ESTÁNDAR DEL LIBRO |
| Número Internacional Estándar del Libro |
9789264042032 |
| 020 ## - NÚMERO INTERNACIONAL ESTÁNDAR DEL LIBRO |
| Número Internacional Estándar del Libro |
9264042032 |
| 020 ## - NÚMERO INTERNACIONAL ESTÁNDAR DEL LIBRO |
| ISBN cancelado o inválido |
9264042024 |
| 020 ## - NÚMERO INTERNACIONAL ESTÁNDAR DEL LIBRO |
| ISBN cancelado o inválido |
9789264042025 |
| 035 ## - NÚMERO DE CONTROL DEL SISTEMA |
| Número de control de sistema |
(OCoLC)223733815 |
| Número de control cancelado/no válido |
(OCoLC)507257884 |
| -- |
(OCoLC)646760332 |
| 050 14 - SIGNATURA TOPOGRÁFICA DE LA BIBLIOTECA DEL CONGRESO |
| Número de clasificación |
K 3830 |
| Número de ítem |
I61 2008 |
| 245 00 - MENCIÓN DEL TÍTULO |
| Título |
International investment law : |
| Resto del título |
understanding concepts and tracking innovations. |
| 260 ## - PUBLICACIÓN, DISTRIBUCIÓN, ETC. |
| Lugar de publicación, distribución, etc. |
Paris : |
| Nombre del editor, distribuidor, etc. |
OECD, |
| Fecha de publicación, distribución, etc. |
2008. |
| 300 ## - DESCRIPCIÓN FÍSICA |
| Extensión |
340 p. |
| 500 ## - NOTA GENERAL |
| Nota general |
"A companion volume to International investment perspectives." |
| 500 ## - NOTA GENERAL |
| Nota general |
Also available in French under the title: La droit international de l'investissement : comprendre les concepts et suivre les innovations. |
| 504 ## - NOTA DE BIBLIOGRAFÍA, ETC. |
| Nota de bibliografía, etc. |
Includes bibliographical references. |
| 520 ## - RESUMEN, ETC. |
| Sumario, etc. |
International investment agreements set ground rules for how host governments treat foreign investors. This publication provides a source of information on four key issues: the definition of investor and investment; the interpretation of umbrella clauses in investment agreements; coverage of environmental, labor and anti-corruption issues; and the interaction between investment and services chapters in selected regional trade agreements.--Publisher's description. |
| 505 2# - NOTA DE CONTENIDO CON FORMATO |
| Nota de contenido con formato |
Definition of investor and investment in international investment agreements -- Interpretation of the umbrella clause in investment agreements -- International investment agreements : a survey of environmental, labour and anti-corruption issues -- The integration between investment and services chapters in selected regional trade agreements. |
| 506 ## - NOTA DE RESTRICCIONES AL ACCESO |
| Limitaciones de acceso |
License restrictions may limit access. |
| 650 #0 - PUNTO DE ACCESO ADICIONAL DE MATERIA--TÉRMINO DE MATERIA |
| Término de materia o nombre geográfico como elemento de entrada |
Investments, Foreign |
| Subdivisión general |
Law and legislation. |
| 710 2# - ENTRADA AGREGADA--NOMBRE DE ENTIDAD CORPORATIVA |
| Nombre de entidad corporativa o nombre de jurisdicción como elemento de entrada |
Organisation for Economic Co-operation and Development. |
| 740 0# - ENTRADA AGREGADA--TÍTULO RELACIONADO/ANALÍTICO NO CONTROLADO |
| Título relacionado o analítico no controlado |
International investment perspectives. |
| 740 0# - ENTRADA AGREGADA--TÍTULO RELACIONADO/ANALÍTICO NO CONTROLADO |
| Título relacionado o analítico no controlado |
Droit international de l'investissement. |
| 776 08 - ENTRADA DE FORMULARIO FÍSICO ADICIONAL |
| Información de relación |
Print version: |
| Título |
International investment law. |
| Lugar, editor y fecha de publicación |
Paris : OECD, c2008 |
| Número Internacional Estándar del Libro |
9789264042025 |
| Número de control del registro |
(DLC) 2008410865 |
| -- |
(OCoLC)234260362 |
| 938 ## - |
| -- |
ebrary |
| -- |
EBRY |
| -- |
ebr10245391 |
| 942 ## - ELEMENTOS DE ENTRADA SECUNDARIOS (KOHA) |
| Fuente del sistema de clasificación o colocación |
Clasificación de Library of Congress |
| Tipo de ítem Koha |
|
| 994 ## - |
| -- |
C0 |
| -- |
DRFGD |